| 000 | 00525nam a2200193 a 4500 | ||
|---|---|---|---|
| 001 | 20802 | ||
| 005 | 20180713214439.0 | ||
| 008 | 140415s1980 000 0 spa d | ||
| 020 | _a9681305116 | ||
| 041 | _aspa | ||
| 082 |
_a658.1 _bUYT |
||
| 100 | 1 | _aUYTERHOEVEN, HUGO E. R. | |
| 245 | 1 | 3 | _aLA ESTRATEGIA Y LA ORGANIZACION |
| 260 |
_a[s.l.] : _bDIANA, _c1980 |
||
| 300 | _a1031 | ||
| 650 | 1 | 4 |
_aADMINISTRACION _xORGANIZACION |
| 700 | 1 |
_aVELASCO, ENRIQUE _etr. |
|
| 700 | 1 |
_aACKERMAN, ROBERT W. _ecoaut. |
|
| 999 |
_c20802 _d20802 |
||